000 00368nam a2200133Ia 4500
008 230917s9999||||xx |||||||||||||| ||und||
040 _e111258
_aMAIN
041 _aEnglish
082 _a005.133 G193O
100 _aGarrido, Jose M
245 0 _aObjects-oriented programming: From problems solving to Java
260 _aNew Delhi
_bFirewall Media
_c2004
942 _cBK
999 _c130657
_d130657